00649nam a2200157 a 450000100100000000500170001000800410002704000250006824500900009326000940018330000280027750400270030570000370033295201050036999900170047400003416320200930070828.0110926s1997 dr 000 0 spa d aDO-SdBNPbspacBNPHU00aDesastres de la guerra Goya :b!Qué valor! /ccoordinador Guillermo Fatás Cabeza. aSanto Domingo :bCentro Cultural Español de Santo Domingo,c1997.fImprenta provicional a101 p. :bil. ;c28 cm. aBibliografía : p. 9912aFatás Cabeza, Guillermo959577 0010718PDaPDbPDcCTd2011-09-26iLF1l0o p34163-10r2020-06-25w2020-06-25yLFPDZNo se presta c33654d33654